| 000 | 01108cam a22003377a 4500 | ||
|---|---|---|---|
| 003 | CHAP | ||
| 005 | 20220329140649.0 | ||
| 008 | 971013s1982 r 00010 d | ||
| 010 | _a55626 | ||
| 011 | _a56598 | ||
| 035 | _a60751 | ||
| 040 | _cCHAP | ||
| 082 |
_a636.5084 _bS2 1982 |
||
| 100 | 0 | 0 |
_aScott, Milton L. _9103398 |
| 245 | 0 | _aNutrition of the chicken | |
| 250 | _a3 ed. | ||
| 260 |
_aIthaca, N. Y. : _bScoott and Association, _c1982 |
||
| 300 |
_a562 p. _b: ilus. ; gráfs. |
||
| 590 |
_aBATCH-UPD _b10 _c20130110 _lUCH01 _h0516 |
||
| 590 |
_aBATCH-UPD _b10 _c20130110 _lUCH01 _h2257 |
||
| 590 |
_aBATCH-UPD _b10 _c20130410 _lUCH01 _h0155 |
||
| 590 |
_aBATCH-UPD _b10 _c20130914 _lUCH01 _h0446 |
||
| 590 |
_aCONVERSION _b10 _c20130109 _lUCH01 _h1330 |
||
| 650 | 1 | 4 |
_aAves de corral _xNutrición. _98672 |
| 700 | 0 |
_aNesheim, Malden C. _980892 |
|
| 700 | 0 |
_aYoung, Robert J. _9123233 |
|
| 901 | _aBK | ||
| 942 | _cLIBRO | ||
| 949 |
_a636.5084 S2 1982 _bBC _cLIBRO _d33724000105276 _eLIBRO _h62335 _i60751 _si |
||
| 949 |
_a636.5084 S2 1982 _bBC _cLIBRO _d33724000105284 _eLIBRO _fc.2 _gI. 167975 _h83413 _i60751 _si |
||
| 999 |
_c55626 _d55626 |
||